Statistiche per Nomi dei calciatori - Quiz n°71

Clicka qui per fare il quiz!

Statistiche generali

  • Questo quiz è stato fatto 16 volte
  • Il punteggio medio è 8 su 10

Statistiche sulle risposte

HintRisposta% Corretto
BelottiAndrea
100%
BonucciLeonardo
100%
PandevGoran
90%
KoundéJules
80%
BianchiRolando
80%
SportielloMarco
70%
NastasićMatija
70%
MandandaSteve
70%
BravoClaudio
60%
MartinelliGabriel
60%

Distribuzione punteggi

Percentile per numero di risposta

Percentuale di utenti per punteggio

I tuoi punteggi nel tempo

Non hai fatto questo quiz